|
|
|
|
| LEADER |
00697nam a2200229Ia 4500 |
| 008 |
240830s9999 xx 000 0 und d |
| 020 |
|
|
|a 970-10-3823-1
|
| 040 |
|
|
|a B-ESTELÍ- RUACS / 658 B456
|
| 041 |
|
|
|a spa
|
| 082 |
|
|
|a 658 B456
|
| 100 |
1 |
|
|a Benavides Pañeda, Raymundo Javier
|
| 245 |
1 |
0 |
|a Administración
|
| 260 |
|
|
|a México
|b McGraw-Hill
|c 2004
|
| 300 |
|
|
|a 354 p. :il
|
| 650 |
7 |
|
|a ADMINISTRACION - ANTECEDENTES HISTORICOS
|
| 650 |
7 |
|
|b TOMA DE DECISIONES - CULTURA ORGANIZACIONAL
|
| 650 |
7 |
|
|c PLANIFICACION - LIDERAZGO - MOTIVACION
|
| 650 |
7 |
|
|d ADMINISTRACION DE RECURSOS HUMANOS
|
| 650 |
7 |
|
|e ADMINISTRACION DE OPERACIONES
|
| 942 |
|
|
|c BK
|2 ddc
|
| 991 |
|
|
|a TEXTO
|
| 999 |
|
|
|c 11414
|